Delitos contra la funcin̤ pb︢lica

Detalles Bibliográficos
Autor principal: Rodrg̕uez Collao, Luis
Formato: eBook
Lenguaje:español
Publicado: Santiago de Chile : Editorial jurd̕ica de Chile, 2011
Materias:
Acceso en línea:Acceso restringido

MARC

LEADER 00000nam a22000007a 4500
005 20120613164246.0
007 cr|||| ||||
008 120613s2011 cl |||||s|||| 00||0 spa d
035 |a 6165 
040 |a vLex 
090 |c 3172  |d 3172 
100 1 |a Rodrg̕uez Collao, Luis 
245 1 0 |a Delitos contra la funcin̤ pb︢lica  |h [Recurso electrn̤ico] /  |c Luis Rodrg̕uez Collado, Mara̕ Magdalena Ossandn̤ Widow 
256 |a Servicio en ln̕ea 
260 |a Santiago de Chile :  |b Editorial jurd̕ica de Chile,  |c 2011 
300 |a 1 recurso electrn̤ico 
506 1 |a Contenido solo disponible en los productos indicados  |d vLex Global   |d vLex Global (Academic Edition, excluding Law Schools)   |d vLex Global (U.S. Academic Edition, Law Schools)   |d vLex Global (U.S. Academic Edition, excluding Law Schools)   |d vLex Global (Academic Edition, Law Schools)  
650 0 4 |a Funcin̤ pb︢lica  |z Chile 
650 0 4 |a Delitos de los funcionarios  |z Chile 
740 0 |a vLex Libros (Servicio en ln̕ea) 
856 4 0 |u http://vlex.com/source/delitos-contra-funcion-publica-6165  |z Acceso restringido 
942 |c BOOK 
999 0 |a Misconduct in office 
999 0 |a Civil service